[Event "Titled Tuesday intern op 3rd May"]
[Site "Chess.com INT"]
[Date "2016.05.03"]
[Round "3"]
[White "Chan, Ricky"]
[Black "Viviani, Alessio"]
[Result "0-1"]
[WhiteElo "2241"]
[BlackElo "2244"]
[PlyCount "64"]
[EventDate "2016.05.03"]
[EventType "swiss (blitz)"]
[EventRounds "9"]
[EventCountry "USA"]
[SourceTitle "EXT 2021"]
[Source "ChessBase"]
[SourceDate "2020.10.23"]
[SourceVersion "1"]
[SourceVersionDate "2020.10.23"]
[SourceQuality "1"]

1. d4 Nf6 2. c4 g6 3. Nc3 d5 4. cxd5 Nxd5 5. Na4 Bg7 6. e4 Nb6 7. Be3 0-0 8. Nf3 Nxa4 9. Qxa4 c5 10. Rd1 Bd7 11. Qb3 Qa5+ 12. Bd2 Qc7 13. dxc5 Na6 14. Bxa6 bxa6 15. 0-0 Rab8 16. Qa3 Bxb2 17. Qe3 Bg7 18. e5 e6 19. Rc1 Bc6 20. Nd4 Bd5 21. f4 Bxa2 22. Qa3 Bd5 23. Qxa6 Rfd8 24. Ba5 Qc8 25. Qxa7 Rd7 26. Bc7 Rxc7 27. Qa5 Bf8 28. c6 Bxc6 29. Rf2 Bb4 30. Qa1 Bd5 31. Rd1 Bc3 32. Qa6 Qxa6 0-1

[Event "Titled Tuesday intern op2 1st March"]
[Site "Chess.com INT"]
[Date "2016.03.01"]
[Round "4"]
[White "Arnaudov, Petar G"]
[Black "Chan, Ricky"]
[Result "1-0"]
[WhiteElo "2446"]
[BlackElo "2285"]
[PlyCount "61"]
[EventDate "2016.03.01"]
[EventType "swiss (blitz)"]
[EventRounds "9"]
[EventCountry "USA"]
[SourceTitle "EXT 2021"]
[Source "ChessBase"]
[SourceDate "2020.10.23"]
[SourceVersion "1"]
[SourceVersionDate "2020.10.23"]
[SourceQuality "1"]

1. Nf3 c5 2. c4 g6 3. d4 cxd4 4. Nxd4 Bg7 5. e4 Nc6 6. Be3 Nf6 7. Nc3 Qb6 8. Nb3 Qc7 9. Rc1 0-0 10. Nd5 Qd8 11. f3 d6 12. Be2 Bd7 13. 0-0 Re8 14. Qd2 Rc8 15. Rfd1 Nxd5 16. exd5 Ne5 17. h3 f5 18. Bd4 b6 19. f4 Nf7 20. Bxg7 Kxg7 21. Nd4 Qc7 22. Bf3 Nh6 23. Re1 Ng8 24. g4 Nf6 25. g5 Ng8 26. Qc3 Kf7 27. Re6 Qc5 28. Kg2 b5 29. b3 bxc4 30. bxc4 Bxe6 31. Nxe6 1-0

[Event "Titled Tuesday intern op 1st March"]
[Site "Chess.com INT"]
[Date "2016.03.01"]
[Round "1"]
[White "Chan, Ricky"]
[Black "Ibarra Jerez, Jose Carlos"]
[Result "1/2-1/2"]
[WhiteElo "2236"]
[BlackElo "2475"]
[PlyCount "138"]
[EventDate "2016.03.01"]
[EventType "swiss (blitz)"]
[EventRounds "9"]
[EventCountry "USA"]
[SourceTitle "EXT 2021"]
[Source "ChessBase"]
[SourceDate "2020.10.23"]
[SourceVersion "1"]
[SourceVersionDate "2020.10.23"]
[SourceQuality "1"]

1. d4 Nf6 2. c4 d6 3. Nc3 e5 4. e4 exd4 5. Qxd4 Nc6 6. Qd2 g6 7. Bd3 Bg7 8. Nge2 Ng4 9. 0-0 Qh4 10. h3 Nge5 11. f4 Nxd3 12. Qxd3 0-0 13. Be3 f5 14. Bf2 Qd8 15. exf5 Bxf5 16. Qd5+ Kh8 17. Rad1 Qf6 18. Qd2 Qf7 19. b3 Rae8 20. Nd4 Bd7 21. Nd5 Bc8 22. Kh1 a6 23. a4 Nd8 24. Bg1 Re4 25. Rde1 Rfe8 26. Rxe4 Rxe4 27. Nc3 Re8 28. Nd5 Re4 29. Nc3 Re8 30. Nd5 c5 31. Nf3 Ne6 32. Re1 Bd7 33. a5 Bc6 34. Re2 h6 35. Qe1 Bxd5 36. cxd5 Nc7 37. Rxe8+ Nxe8 38. Qe4 Nc7 39. Nh4 Kh7 40. f5 gxf5 41. Nxf5 Qxd5 42. Nxd6+ Qxe4 43. Nxe4 Ne6 44. Nxc5 Nxc5 45. Bxc5 Bc3 46. Bb6 Kg6 47. g4 h5 48. Kg2 hxg4 49. hxg4 Kf6 50. Kf3 Ke5 51. Bd8 Bd2 52. Kg3 Be1+ 53. Kh3 Kf4 54. Bc7+ Kg5 55. Bb6 Kf4 56. Bd8 Bf2 57. g5 Kf5 58. Kg2 Be3 59. Kf3 Bxg5 60. Bxg5 Kxg5 61. Ke4 Kf6 62. Kd5 Ke7 63. Kc5 Kd7 64. Kb6 Kc8 65. Ka7 Kc7 66. Ka8 b6 67. Ka7 bxa5 68. Kxa6 a4 69. bxa4 Kb8 1/2-1/2

[Event "Titled Tuesday intern op2 1st March"]
[Site "Chess.com INT"]
[Date "2016.03.01"]
[Round "3"]
[White "Harmon Vellotti, Luke"]
[Black "Chan, Ricky"]
[Result "1-0"]
[WhiteElo "2409"]
[BlackElo "2295"]
[PlyCount "57"]
[EventDate "2016.03.01"]
[EventType "swiss (blitz)"]
[EventRounds "9"]
[EventCountry "USA"]
[SourceTitle "EXT 2021"]
[Source "ChessBase"]
[SourceDate "2020.10.23"]
[SourceVersion "1"]
[SourceVersionDate "2020.10.23"]
[SourceQuality "1"]

1. e4 c5 2. Nf3 g6 3. d4 cxd4 4. Nxd4 Bg7 5. Nc3 Nc6 6. Be3 Nf6 7. Be2 0-0 8. Nb3 d6 9. 0-0 Bd7 10. f4 a6 11. Bf3 Rc8 12. g4 Na5 13. g5 Ne8 14. Nxa5 Qxa5 15. Nd5 Bxb2 16. Nxe7+ Kh8 17. Bd4+ Bxd4+ 18. Qxd4+ f6 19. Nxc8 Bxc8 20. gxf6 Rxf6 21. e5 dxe5 22. fxe5 Rf8 23. e6+ Ng7 24. Bd5 Re8 25. e7 Bf5 26. Rae1 Qc7 27. Qe5 Qc5+ 28. Rf2 h6 29. Bf7 1-0

[Event "Titled Tuesday intern op1 1st March"]
[Site "Chess.com INT"]
[Date "2016.03.01"]
[Round "3"]
[White "Havanecz, Bianka"]
[Black "Chan, Ricky"]
[Result "0-1"]
[WhiteElo "2222"]
[BlackElo "2256"]
[PlyCount "80"]
[EventDate "2016.03.01"]
[EventType "swiss (blitz)"]
[EventRounds "9"]
[EventCountry "USA"]
[SourceTitle "EXT 2021"]
[Source "ChessBase"]
[SourceDate "2020.10.23"]
[SourceVersion "1"]
[SourceVersionDate "2020.10.23"]
[SourceQuality "1"]

1. d4 c5 2. d5 e6 3. c4 Nf6 4. Nc3 a6 5. a4 exd5 6. cxd5 Bd6 7. g3 Bc7 8. Bg2 d6 9. Nf3 0-0 10. 0-0 Re8 11. Re1 Nbd7 12. Nd2 Rb8 13. e4 b5 14. axb5 axb5 15. b4 cxb4 16. Na2 Ba5 17. Bb2 b3 18. Nc3 Nc5 19. Nxb3 Bxc3 20. Bxc3 Ncxe4 21. Bb2 Bg4 22. Qd4 Ng5 23. Rxe8+ Qxe8 24. Qf4 Nh3+ 25. Bxh3 Bxh3 26. Nd4 Nxd5 27. Qh4 Bd7 28. Qg5 Qe5 29. Qd2 Qh5 30. Ra7 Bg4 31. Nc6 Re8 32. h4 h6 33. Qd4 Re1+ 34. Kh2 Nf6 35. Ne7+ Kh7 36. Qd2 Re2 37. Qd3+ Ne4 38. Bd4 Bf3 39. Ra1 Qg4 40. Nd5 Qxg3# 0-1

[Event "Titled Tuesday intern op 1st Sept"]
[Site "Chess.com INT"]
[Date "2015.09.01"]
[Round "1"]
[White "Chan, Ricky"]
[Black "Czarnota, Pawel"]
[Result "1/2-1/2"]
[WhiteElo "2131"]
[BlackElo "2528"]
[PlyCount "120"]
[EventDate "2015.09.01"]
[EventType "swiss (blitz)"]
[EventRounds "9"]
[EventCountry "USA"]
[SourceTitle "EXT 2021"]
[Source "ChessBase"]
[SourceDate "2020.10.23"]
[SourceVersion "1"]
[SourceVersionDate "2020.10.23"]
[SourceQuality "1"]

1. d4 Nf6 2. c4 g6 3. Nc3 Bg7 4. e4 0-0 5. Be2 d6 6. Nf3 Na6 7. 0-0 e5 8. Be3 c6 9. h3 exd4 10. Bxd4 Re8 11. Qc2 Nc5 12. e5 Bf5 13. Qd1 Nfe4 14. exd6 Nxc3 15. Bxc3 Bxc3 16. bxc3 Ne4 17. Bd3 Qxd6 18. Nd4 Nxc3 19. Nxf5 gxf5 20. Qf3 Ne4 21. Rfe1 Qg6 22. Re3 Re6 23. Rae1 Rae8 24. Qf4 Kh8 25. Kh2 Qg5 26. Qxg5 Nxg5 27. Bxf5 Rxe3 28. Rxe3 Rxe3 29. fxe3 f6 30. c5 b6 31. Bd7 bxc5 32. Bxc6 Kg7 33. Bd5 f5 34. Kg3 Kf6 35. Kf4 Ne6+ 36. Kf3 Nc7 37. Bc4 Ke5 38. g4 fxg4+ 39. Kxg4 Ke4 40. h4 Kxe3 41. Kg5 Kd4 42. Bg8 c4 43. h5 c3 44. Bxh7 Ne6+ 45. Kg4 Ke3 46. Bb1 Kd2 47. h6 Nf8 48. Kg5 c2 49. Bxc2 Kxc2 50. Kf6 Kb2 51. Kg7 Ne6+ 52. Kf6 Nf8 53. Kg7 Ne6+ 54. Kf7 Ng5+ 55. Kf6 Nh7+ 56. Kg6 Nf8+ 57. Kg7 Ne6+ 58. Kf6 Nf8 59. Kg7 Ne6+ 60. Kf6 Nf8 1/2-1/2

[Event "Titled Tuesday intern op 1st Sept"]
[Site "Chess.com INT"]
[Date "2015.09.01"]
[Round "2"]
[White "Chan, Ricky"]
[Black "Edouard, Romain"]
[Result "0-1"]
[WhiteElo "2129"]
[BlackElo "2630"]
[PlyCount "82"]
[EventDate "2015.09.01"]
[EventType "swiss (blitz)"]
[EventRounds "9"]
[EventCountry "USA"]
[SourceTitle "EXT 2021"]
[Source "ChessBase"]
[SourceDate "2020.10.23"]
[SourceVersion "1"]
[SourceVersionDate "2020.10.23"]
[SourceQuality "1"]

1. d4 d5 2. c4 e6 3. Nc3 Nf6 4. Bg5 Be7 5. e3 Nbd7 6. cxd5 exd5 7. Bd3 Nf8 8. Qc2 Ne6 9. Bh4 c5 10. Nf3 c4 11. Bf5 g6 12. Bh3 a6 13. 0-0 b5 14. a3 h6 15. Bg3 h5 16. Be5 0-0 17. Rad1 Ng4 18. e4 Nxe5 19. Nxe5 Nf4 20. Bxc8 Rxc8 21. g3 Ne6 22. Nxd5 Bd6 23. Nf3 a5 24. Qd2 Kg7 25. Rfe1 Re8 26. e5 Bxa3 27. Nf6 Bb4 28. Nxe8+ Qxe8 29. Qe3 Bxe1 30. Rxe1 Qc6 31. Ng5 b4 32. Ne4 c3 33. bxc3 bxc3 34. Rc1 c2 35. Nc5 Nxd4 36. Qxd4 Qxc5 37. Qf4 Qc4 38. Qf6+ Kg8 39. h3 a4 40. Kh2 a3 41. f4 Qe2+ 0-1